Grundlagen der Organisations <Die> Steuerung von Entscheidungen als Grundproblem der Betriebswirtschaftslehre

Na minha lista:
Detalhes bibliográficos
Autor principal: Laux, Helmut
Outros Autores: Liermann, Felix
Formato: Livro
Idioma:alemão
Publicado em: Berlin Springer 1987
Edição:1. Aufl.
Tags: Adicionar Tag
Sem tags, seja o primeiro a adicionar uma tag!

MARC

LEADER 00000nam a2200000 4500
001 c037031
005 20221206140105.3
041 0 |a ger 
044 |a DE 
245 1 0 |a Grundlagen der Organisations  |b <Die> Steuerung von Entscheidungen als Grundproblem der Betriebswirtschaftslehre  |c Helmut Laux, Felix Liermann 
250 |a 1. Aufl. 
264 1 |a Berlin  |b Springer  |c 1987 
300 |a 597 s. 
100 1 |a Laux, Helmut 
700 1 |a Liermann, Felix